MARC

LEADER 00000nam0a2200000 4500
001 13266
005 20231101204859.0
010 |a 5250026788 
035 |a (RuTPU)RU\TPU\book\13348 
035 |a BOOK00013416 
090 |a 13266 
100 |a 20011209d1999 k y0rusy50 ca 
101 1 |a rus  |c chi 
102 |a RU 
105 |a y z 000zy 
200 1 |a Обрести себя в Дао  |f Лао-цзы (Лаоцзы, Ли Эр) 
210 |a Москва  |c Республика  |d 1999 
215 |a 445 с. 
225 1 |a Мудрецы 
606 1 |a Китайская философия древняя  |2 stltpush  |3 (RuTPU)RU\TPU\subj\14446  |9 40829 
610 1 |a философия 
610 1 |a древняя китайская философия 
610 1 |a история 
610 1 |a даосизм 
610 1 |a 6 век до н.э. 
610 1 |a 5 век до н.э. 
686 |a Ю3(5Кит)3  |v LBC/SL-A  |2 rubbk 
700 0 |a Лао-цзы (Лаоцзы, Ли Эр)  |c древнекитайский философ  |f 4 -3 вв. до н. э.  |2 stltpush  |3 (RuTPU)RU\TPU\pers\699  |9 322 
801 0 |a RU  |b 63413507  |c 20011209  |g PSBO 
801 2 |a RU  |b 63413507  |c 20141208  |g PSBO 
942 |c BK